Interacting systems in development

Wedi'i Gadw mewn:
Manylion Llyfryddiaeth
Prif Awdur: Ebert, James D
Fformat: Llyfr
Iaith:Saesneg
Cyhoeddwyd: New York, USA Holt, Rinehart and Winston 1965
Cyfres:Modern Biology Series
Pynciau:
Tagiau: Ychwanegu Tag
Dim Tagiau, Byddwch y cyntaf i dagio'r cofnod hwn!

MARC

LEADER 00000nam a2200000 a 4500
001 UCU4565
003 CL-VaPUC
005 20210607121219.0
008 960524e19650000US |||||||||||||||||eng|d
999 |c 248241  |d 248239 
040 |c Pontificia Universidad Católica de Valparaíso 
082 0 4 |a 571.6 EBE 1965  |2 21 
100 0 |a Ebert, James D  |9 362209 
245 1 0 |a Interacting systems in development 
260 0 3 |a New York, USA  |b Holt, Rinehart and Winston  |c 1965 
300 |a 227 páginas 
490 0 |a Modern Biology Series 
583 |a last modification  |c 19960524 00:00:00  |k Rodrigo Vera 
650 0 |a Citología  |9 261432 
650 0 |a División celular  |9 343784 
650 7 |a CITOQUIMICA  |2 CL-VaPUC  |9 261426 
650 7 |a CITOPLASMA  |2 CL-VaPUC  |9 362210 
650 7 |a MORFOLOGIA BIOLOGIA  |2 CL-VaPUC  |9 362211 
650 0 |a Citogenética  |9 269678 
942 |c BK  |2 ddc 
945 |d 19960524 00:00:00  |a cmena 
952 |0 0  |1 0  |2 ddc  |4 0  |6 571_600000000000000_EBE_1965  |7 0  |8 A  |9 264739  |a BIBING  |b BIBING  |d 2019-11-19  |i 1666711  |o 571.6 EBE 1965  |p 1666711  |r 2025-01-20  |t 2  |w 2019-11-19  |y BK  |k EIB